zpět

Detail výsledku týmu

Laborka, Pardubice

Datum a čas kvízu

17 Celkem bodů Celkový počet nahraných bodů na tomto kvízu bez doplňovacích otázek.
9. Pořadí na kvízu Konečné umístění týmu na tomto kvízu.

Zaznamenané odpovědi

# Otázka Odpověď Body Výsledky
1. Při úřadu vlády vznikne komise... Ďáblický hřbitov 0
2. Tým botaniků objevil dva zcela... B 1
3. Agáta Prachařová povila minulý... Rozárie 1
4. Ve které zemi byl minulý týden... ve Finsku 1
5. Šestý zápas mimořádně zajímavé... ve 4. prodloužení 0
6. Pokračujeme představováním fil... Liam Neeson 1
7. Sedmý film žebříčku byl natoče... Francis Ford Coppola, Marlon Brando, Al Pacino 0
8. Jak se jmenuje film na osmém m... Dvanáct rozhněvaných mužů 1
9. Jediný francouzský film a prvn... Nedotknutelní 1
10. Ve kterém roce byl poprvé uved... v roce 1999 (odpovědi 1998 a 2000 získávají půl bodu) 0